Campeões da Copa do Mundo (1930–2022) - Statistics

Estatísticas Gerais
  • Esse quiz foi jogado 56 vezes
  • A pontuação média é 22 de 22
Estatísticas das Respostas
Ano País % Correto
2014 Alemanha
100%
1990 Alemanha
100%
1974 Alemanha
100%
1954 Alemanha
100%
2022 Argentina
100%
1986 Argentina
100%
1978 Argentina
100%
2002 Brasil
100%
1994 Brasil
100%
1970 Brasil
100%
1962 Brasil
100%
1958 Brasil
100%
2018 França
100%
1998 França
100%
2006 Itália
100%
1982 Itália
100%
1938 Itália
100%
1934 Itália
100%
2010 Espanha
98%
1966 Inglaterra
96%
1950 Uruguai
96%
1930 Uruguai
96%
Nenhum quiz correspondente encontrado
Distribuição das Pontuações
Porcentagem de Pessoas com Cada Pontuação
Percentil de Números Respondidos
Sua Pontuação Histórica
Você não jogou esse quiz